|
|
|
|
| LEADER |
00000nbm0a2200000 4500 |
| 001 |
136989 |
| 005 |
20260416154117.0 |
| 035 |
|
|
|a (RuTPU)RU\TPU\book\148475
|
| 090 |
|
|
|a 136989
|
| 100 |
|
|
|a 20080430d1969 k y0rusy50 ca
|
| 101 |
0 |
|
|a rus
|
| 102 |
|
|
|a RU
|
| 105 |
|
|
|a a m 001zy
|
| 200 |
1 |
|
|a Разработка и исследование стабилизирующих устройств переменного напряжения с фотоэлектрическими преобразователями
|e диссертация на соискание ученой степени кандидата технических наук
|f В. Ф. Аникин
|g Томский политехнический институт (ТПИ) ; науч. рук. М. С. Ройтман, В. М. Рикконен
|
| 210 |
|
|
|a Томск
|d 1969
|
| 215 |
|
|
|a 188 л.
|c ил.
|
| 320 |
|
|
|a Библиогр.: с. 172 - 183.
|
| 610 |
1 |
|
|a стабилизирующие устройства
|
| 610 |
1 |
|
|a переменное напряжение
|
| 610 |
1 |
|
|a фотоэлектрические преобразователи
|
| 610 |
1 |
|
|a разработка
|
| 610 |
1 |
|
|a статические характеристики
|
| 610 |
1 |
|
|a динамические характеристики
|
| 610 |
1 |
|
|a линеаризованные системы
|
| 610 |
1 |
|
|a анализ
|
| 610 |
1 |
|
|a реализация
|
| 610 |
1 |
|
|a генератор - калибратор
|
| 610 |
1 |
|
|a экспериментальное исследование
|
| 610 |
1 |
|
|a диссертации
|
| 675 |
|
|
|a 621.316.7(04)
|v 3
|
| 700 |
|
1 |
|a Аникин
|b В. Ф.
|c специалист в области автоматического управления
|c преподаватель, доцент АВТФ Томского политехнического института, кандидат технических наук
|g Виктор Федорович
|9 89235
|
| 702 |
|
1 |
|a Ройтман
|b М. С.
|c российский ученый
|c радиотехник
|c Заслуженный профессор Томского политехнического университета
|f 1933-
|g Марсель Самуилович
|3 (RuTPU)RU\TPU\pers\19859
|4 727
|9 7796
|
| 702 |
|
1 |
|a Рикконен
|b В. М.
|c специалист в области автоматики и электропривода
|c доцент АВТФ Томского политехнического института, кандидат технических наук
|f 1920-2008
|g Владимир Михайлович
|4 727
|9 89238
|
| 712 |
0 |
2 |
|a Томский политехнический институт (ТПИ)
|c (1944-1991)
|3 (RuTPU)RU\TPU\col\1123
|
| 801 |
|
1 |
|a RU
|b 63413507
|c 20080430
|g PSBO
|
| 801 |
|
2 |
|a RU
|b 63413507
|c 20080430
|g PSBO
|
| 942 |
|
|
|c BK
|